[Event "Ch France 2018"]
[Site "?"]
[Date "2018.08.19"]
[Round "2.5"]
[White "Cornette, Matthieu"]
[Black "Fressinet, Laurent"]
[Result "1/2-1/2"]
[BlackElo "2645"]
[WhiteElo "2593"]
[LiveChessVersion "1.4.8"]

1. e4 {[%clk 1:30:52]} e5 {[%clk 1:30:58]} 2. Nf3 {[%clk 1:31:16]} Nc6
{[%clk 1:31:25]} 3. Bb5 {[%clk 1:30:56]} a6 {[%clk 1:31:48]} 4. Ba4
{[%clk 1:31:19]} Nf6 {[%clk 1:32:12]} 5. O-O {[%clk 1:31:21]} Be7
{[%clk 1:32:35]} 6. d3 {[%clk 1:31:39]} b5 {[%clk 1:32:31]} 7. Bb3
{[%clk 1:30:14]} d6 {[%clk 1:32:56]} 8. a3 {[%clk 1:29:10]} O-O {[%clk 1:32:45]}
9. Nc3 {[%clk 1:29:34]} Na5 {[%clk 1:33:08]} 10. Ba2 {[%clk 1:29:48]} Be6
{[%clk 1:33:31]} 11. b4 {[%clk 1:28:52]} Bxa2 {[%clk 1:32:40]} 12. Rxa2
{[%clk 1:28:47]} Nc6 {[%clk 1:33:00]} 13. Bg5 {[%clk 1:28:26]} Ng4
{[%clk 1:33:18]} 14. Bd2 {[%clk 1:28:19]} Nf6 {[%clk 1:33:41]} 15. Bg5
{[%clk 1:26:44]} Ng4 {[%clk 1:33:35]} 16. Bd2 {[%clk 1:27:10]} Nf6
{[%clk 1:33:58]} 17. Re1 {[%clk 1:27:09]} Qd7 {[%clk 1:33:00]} 18. Nd5
{[%clk 1:25:27]} Nxd5 {[%clk 1:29:14]} 19. exd5 {[%clk 1:25:23]} Na7
{[%clk 1:29:39]} 20. a4 {[%clk 1:12:36]} c6 {[%clk 1:28:19]} 21. axb5
{[%clk 0:57:36]} axb5 {[%clk 1:27:50]} 22. Be3 {[%clk 0:48:39]} cxd5
{[%clk 1:27:14]} 23. Qa1 {[%clk 0:49:02]} d4 {[%clk 1:27:33]} 24. Nxd4
{[%clk 0:49:13]} Qb7 {[%clk 1:27:20]} 25. Nb3 {[%clk 0:36:25]} Nc6
{[%clk 1:25:18]} 26. Na5 {[%clk 0:36:32]} Qd7 {[%clk 1:14:41]} 27. Nxc6
{[%clk 0:29:30]} Qxc6 {[%clk 1:14:00]} 28. c4 {[%clk 0:26:56]} Rxa2
{[%clk 1:06:27]} 29. Qxa2 {[%clk 0:27:20]} Rb8 {[%clk 0:53:37]} 30. Qa7
{[%clk 0:19:12]} Qb7 {[%clk 0:48:49]} 31. Qxb7 {[%clk 0:18:54]} Rxb7
{[%clk 0:48:51]} 32. c5 {[%clk 0:18:37]} dxc5 {[%clk 0:39:34]} 33. Bxc5
{[%clk 0:17:14]} Bxc5 {[%clk 0:37:46]} 34. bxc5 {[%clk 0:17:40]} f6
{[%clk 0:37:54]} 35. Rb1 {[%clk 0:06:29]} Kf7 {[%clk 0:37:54]} 36. c6
{[%clk 0:06:57]} Rc7 {[%clk 0:38:13]} 37. Rxb5 {[%clk 0:07:11]} Rxc6
{[%clk 0:38:38]} 38. Kf1 {[%clk 0:07:02]} Rc2 {[%clk 0:38:56]} 39. Rb7+
{[%clk 0:07:00]} Kg6 {[%clk 0:39:21]} 40. Rd7 {[%clk 0:05:48]} h5
{[%clk 0:39:47]} 1/2-1/2

[Event "Ch France 2018 - Vétérans"]
[Site "?"]
[Date "2018.08.19"]
[Round "2.2"]
[White "Vareille, Francois"]
[Black "Simon, Christian"]
[Result "1-0"]
[BlackElo "1767"]
[WhiteElo "2421"]
[LiveChessVersion "1.4.4"]

1. d4 {[%clk 1:30:33]} g6 {[%clk 1:30:23]} 2. e4 {[%clk 1:30:39]} Bg7
{[%clk 1:29:55]} 3. c3 {[%clk 1:30:51]} d6 {[%clk 1:29:42]} 4. f4
{[%clk 1:31:10]} c6 {[%clk 1:19:12]} 5. Nf3 {[%clk 1:29:46]} Na6 {[%clk 1:12:15]}
6. Bd3 {[%clk 1:27:37]} Nc7 {[%clk 1:11:45]} 7. h3 {[%clk 1:25:41]} e6
{[%clk 1:07:45]} 8. O-O {[%clk 1:23:50]} Ne7 {[%clk 1:07:10]} 9. Qe1
{[%clk 1:21:22]} Bd7 {[%clk 0:57:07]} 10. b3 {[%clk 1:11:06]} b6 {[%clk 0:54:20]}
11. Nbd2 {[%clk 1:06:49]} d5 {[%clk 0:49:24]} 12. e5 {[%clk 1:01:26]} c5
{[%clk 0:43:11]} 13. a4 {[%clk 1:01:45]} cxd4 {[%clk 0:43:30]} 14. cxd4
{[%clk 1:01:17]} O-O {[%clk 0:43:31]} 15. Ba3 {[%clk 1:01:16]} Re8
{[%clk 0:42:40]} 16. g4 {[%clk 1:01:17]} Qb8 {[%clk 0:38:07]} 17. Qh4
{[%clk 0:55:13]} Qd8 {[%clk 0:37:38]} 18. Qg3 {[%clk 0:52:52]} Rc8
{[%clk 0:35:10]} 19. Kh1 {[%clk 0:52:01]} Bf8 {[%clk 0:28:53]} 20. Rf2
{[%clk 0:50:28]} Kg7 {[%clk 0:28:30]} 21. Rg1 {[%clk 0:48:40]} Ng8
{[%clk 0:28:08]} 22. Bxf8+ {[%clk 0:48:51]} Rxf8 {[%clk 0:28:25]} 23. f5
{[%clk 0:49:06]} Ne8 {[%clk 0:27:07]} 24. f6+ {[%clk 0:47:35]} Kh8
{[%clk 0:26:29]} 25. Ng5 {[%clk 0:45:43]} Rc3 {[%clk 0:23:37]} 26. Nxh7
{[%clk 0:45:27]} Rxd3 {[%clk 0:23:11]} 27. Qh4 1-0

[Event "Ch France 2018 - Open B"]
[Site "?"]
[Date "2018.08.19"]
[Round "2.2"]
[White "Candelot, Clement"]
[Black "Mahieu, Luc"]
[Result "1-0"]
[BlackElo "1948"]
[WhiteElo "1883"]
[LiveChessVersion "1.4.8"]

1. e4 {[%clk 1:30:53]} c5 {[%clk 1:30:53]} 2. Nf3 {[%clk 1:31:01]} d6
{[%clk 1:31:16]} 3. Bb5+ {[%clk 1:31:06]} Nd7 {[%clk 1:31:38]} 4. c3
{[%clk 1:30:25]} Ngf6 {[%clk 1:31:48]} 5. Qe2 {[%clk 1:29:57]} a6
{[%clk 1:32:09]} 6. Ba4 {[%clk 1:29:57]} b5 {[%clk 1:32:31]} 7. Bc2
{[%clk 1:30:23]} Bb7 {[%clk 1:32:55]} 8. O-O {[%clk 1:30:15]} e5 {[%clk 1:33:15]}
9. d4 {[%clk 1:28:42]} Be7 {[%clk 1:33:34]} 10. Rd1 {[%clk 1:27:02]} Qc7
{[%clk 1:33:52]} 11. Bd3 {[%clk 1:20:56]} O-O {[%clk 1:28:43]} 12. Bg5
{[%clk 1:13:17]} h6 {[%clk 1:17:47]} 13. Bh4 Kh7 {[%clk 1:16:36]} 14. Nbd2
{[%clk 1:08:45]} Rg8 {[%clk 1:15:09]} 15. Bg3 {[%clk 0:53:34]} g5
{[%clk 1:10:35]} 16. h3 {[%clk 0:45:02]} Nh5 {[%clk 0:57:11]} 17. Nf1
{[%clk 0:32:41]} Nf4 {[%clk 0:56:09]} 18. Qd2 {[%clk 0:31:55]} Rad8
{[%clk 0:46:21]} 19. Ne3 {[%clk 0:27:06]} Nb6 {[%clk 0:36:41]} 20. Rac1
{[%clk 0:21:27]} Bc8 {[%clk 0:32:44]} 21. Bb1 {[%clk 0:18:56]} Kh8
{[%clk 0:29:52]} 22. Kh2 {[%clk 0:15:20]} h5 {[%clk 0:27:08]} 23. Bxf4
{[%clk 0:11:36]} gxf4 {[%clk 0:27:20]} 24. Nf5 {[%clk 0:11:01]} Bxf5
{[%clk 0:26:47]} 25. exf5 {[%clk 0:11:19]} Bf6 {[%clk 0:21:49]} 26. Qe2
{[%clk 0:09:54]} Rde8 {[%clk 0:17:07]} 27. dxe5 {[%clk 0:07:58]} dxe5
{[%clk 0:17:13]} 28. Be4 {[%clk 0:05:58]} Rg7 {[%clk 0:12:58]} 29. Nd2
{[%clk 0:04:42]} Rg5 {[%clk 0:12:44]} 30. Nf3 {[%clk 0:04:14]} Rg7
{[%clk 0:11:52]} 31. Nd2 {[%clk 0:04:31]} h4 {[%clk 0:11:25]} 32. Bf3
{[%clk 0:04:40]} e4 {[%clk 0:07:45]} 33. Nxe4 {[%clk 0:03:52]} Nc4
{[%clk 0:07:15]} 34. Qc2 {[%clk 0:02:21]} Qe7 {[%clk 0:05:06]} 35. Rd7
{[%clk 0:00:50]} Qxd7 36. Nxf6 {[%clk 0:01:14]} Qe7 {[%clk 0:04:05]} 37. Nxe8
{[%clk 0:01:35]} Qxe8 {[%clk 0:04:30]} 38. Kh1 {[%clk 0:00:46]} Ne5
{[%clk 0:03:17]} 39. Qe4 {[%clk 0:00:39]} f6 {[%clk 0:03:36]} 40. Qxf4
{[%clk 0:29:43]} Kg8 {[%clk 0:25:29]} 41. Bd5+ {[%clk 0:28:01]} Nf7
{[%clk 0:25:30]} 42. Be6 {[%clk 0:27:44]} Qc6 {[%clk 0:22:33]} 43. f3
{[%clk 0:27:38]} Qb6 {[%clk 0:20:35]} 44. Qxh4 {[%clk 0:26:03]} Qd8
{[%clk 0:20:32]} 45. Qf4 {[%clk 0:26:03]} Qd3 46. b4 {[%clk 0:20:53]} Qe2
{[%clk 0:20:21]} 47. Rg1 {[%clk 0:20:11]} c4 {[%clk 0:17:56]} 48. a4
{[%clk 0:18:14]} Kh7 {[%clk 0:17:54]} 49. Qh4+ {[%clk 0:18:14]} Nh6
{[%clk 0:17:54]} 50. axb5 {[%clk 0:18:23]} axb5 {[%clk 0:18:04]} 51. Qxf6 Qd3
{[%clk 0:17:12]} 52. Qe5 {[%clk 0:17:25]} Nf7 {[%clk 0:14:42]} 53. Bxf7
{[%clk 0:17:46]} Rxf7 {[%clk 0:15:07]} 54. f6 {[%clk 0:17:16]} Qg6
{[%clk 0:14:54]} 55. Qxb5 {[%clk 0:17:16]} Rxf6 {[%clk 0:15:17]} 56. Qxc4
{[%clk 0:17:34]} Qh6 {[%clk 0:15:02]} 57. Qe4+ {[%clk 0:17:51]} Kh8
{[%clk 0:15:10]} 58. Rd1 {[%clk 0:18:09]} Rf8 {[%clk 0:15:25]} 59. c4 Rg8
{[%clk 0:15:28]} 60. f4 {[%clk 0:18:17]} Rg4 {[%clk 0:14:44]} 61. Rd8+
{[%clk 0:18:18]} Rg8 {[%clk 0:14:53]} 62. Qe5+ {[%clk 0:18:34]} Kh7
{[%clk 0:15:12]} 63. Rxg8 {[%clk 0:18:43]} Kxg8 {[%clk 0:15:37]} 64. Qg5+ 1-0

[Event "Ch France 2018 - Open B"]
[Site "?"]
[Date "2018.08.19"]
[Round "2.4"]
[White "Grandmougin, Olivier"]
[Black "Vincensini, Emmanuel"]
[Result "1/2-1/2"]
[BlackElo "1866"]
[WhiteElo "1941"]
[LiveChessVersion "1.4.8"]

1. e4 {[%clk 1:29:11]} c6 {[%clk 1:30:54]} 2. d4 {[%clk 1:29:38]} d5
{[%clk 1:31:21]} 3. f3 {[%clk 1:30:06]} e5 {[%clk 1:30:30]} 4. dxe5
{[%clk 1:30:01]} Bc5 {[%clk 1:29:04]} 5. Bf4 {[%clk 1:22:12]} Qb6
{[%clk 1:27:53]} 6. Ne2 {[%clk 1:22:00]} Bf2+ {[%clk 1:24:24]} 7. Kd2
{[%clk 1:22:23]} Ne7 {[%clk 1:09:17]} 8. Kc3 {[%clk 1:22:21]} Na6
{[%clk 0:59:26]} 9. b3 {[%clk 1:20:35]} dxe4 {[%clk 0:52:19]} 10. Nd2
{[%clk 1:15:23]} Be6 {[%clk 0:22:17]} 11. Nxe4 {[%clk 1:10:00]} O-O
{[%clk 0:20:44]} 12. Nxf2 {[%clk 1:09:16]} Qxf2 {[%clk 0:21:04]} 13. Bg3
{[%clk 1:09:34]} Qb6 {[%clk 0:21:16]} 14. Qd4 {[%clk 1:09:47]} c5
{[%clk 0:21:44]} 15. Qd6 {[%clk 1:09:38]} Nd5+ {[%clk 0:22:00]} 16. Kb2
{[%clk 1:10:04]} Qa5 {[%clk 0:22:19]} 17. Be1 {[%clk 1:09:37]} Qc7
{[%clk 0:19:47]} 18. Qxc7 {[%clk 1:03:34]} Naxc7 {[%clk 0:20:03]} 19. Bf2
{[%clk 1:03:01]} b6 {[%clk 0:18:53]} 20. Nc3 {[%clk 1:02:46]} Nxc3
{[%clk 0:19:14]} 21. Kxc3 {[%clk 1:03:13]} Rfd8 {[%clk 0:18:52]} 22. Bd3
{[%clk 1:03:18]} Nd5+ {[%clk 0:15:46]} 23. Kb2 {[%clk 0:55:51]} Nb4
{[%clk 0:15:52]} 24. Rad1 {[%clk 0:53:24]} Nxd3+ {[%clk 0:15:58]} 25. Rxd3
{[%clk 0:53:24]} c4 {[%clk 0:16:01]} 26. Rd6 {[%clk 0:53:41]} Rxd6
{[%clk 0:15:01]} 27. exd6 {[%clk 0:54:01]} Rd8 {[%clk 0:15:23]} 28. Rd1
{[%clk 0:53:12]} Kf8 {[%clk 0:14:38]} 29. Kc3 {[%clk 0:52:45]} Ke8
{[%clk 0:14:44]} 30. b4 {[%clk 0:49:18]} b5 {[%clk 0:12:29]} 31. Bg3
{[%clk 0:48:46]} Ra8 {[%clk 0:12:08]} 32. Kd4 {[%clk 0:48:13]} Rc8
{[%clk 0:11:39]} 33. c3 {[%clk 0:48:18]} Kd7 {[%clk 0:12:04]} 34. a4
{[%clk 0:48:29]} bxa4 {[%clk 0:12:02]} 35. Ra1 {[%clk 0:48:50]} a6
{[%clk 0:12:16]} 36. Rxa4 {[%clk 0:49:07]} Rc6 {[%clk 0:12:45]} 37. Ra5
{[%clk 0:48:25]} Rb6 {[%clk 0:09:31]} 38. Rg5 {[%clk 0:44:48]} g6
{[%clk 0:09:40]} 39. Rc5 {[%clk 0:44:15]} Rc6 {[%clk 0:08:08]} 40. Be5
{[%clk 0:43:21]} h5 {[%clk 0:08:13]} 41. h4 {[%clk 0:42:57]} f5 {[%clk 0:13:27]}
42. Bf4 {[%clk 1:05:10]} Bf7 {[%clk 0:13:24]} 43. Ke5 {[%clk 1:04:48]} Rxd6
{[%clk 0:12:39]} 44. Ra5 {[%clk 1:04:38]} Rc6 {[%clk 0:12:29]} 1/2-1/2

[Event "Ch France 2018 - Open C"]
[Site "?"]
[Date "2018.08.19"]
[Round "2.1"]
[White "Jangwa, Valentin"]
[Black "Christophe-Hayot, Romain"]
[Result "1-0"]
[BlackElo "1797"]
[WhiteElo "1648"]
[LiveChessVersion "1.4.8"]

1. d4 {[%clk 1:30:25]} c5 {[%clk 1:26:58]} 2. d5 {[%clk 1:28:10]} Nf6
{[%clk 1:26:01]} 3. Nf3 {[%clk 1:27:39]} b6 {[%clk 1:23:53]} 4. c4
{[%clk 1:24:55]} g6 {[%clk 1:22:33]} 5. Nc3 {[%clk 1:25:02]} d6 {[%clk 1:22:09]}
6. h3 {[%clk 1:25:11]} Bg7 {[%clk 1:21:41]} 7. Bg5 {[%clk 1:25:13]} Nbd7
{[%clk 1:21:20]} 8. Qd2 {[%clk 1:22:44]} h6 {[%clk 1:21:32]} 9. Bf4
{[%clk 1:22:27]} Nh5 {[%clk 1:20:43]} 10. Bh2 {[%clk 1:22:10]} O-O
{[%clk 1:17:37]} 11. g4 {[%clk 1:15:56]} Nhf6 {[%clk 1:16:49]} 12. g5
{[%clk 1:11:18]} hxg5 {[%clk 1:17:12]} 13. Nxg5 {[%clk 1:11:06]} Ne5
{[%clk 1:12:18]} 14. Bxe5 {[%clk 1:06:55]} dxe5 {[%clk 1:11:04]} 15. Nge4
{[%clk 1:03:35]} Nxe4 {[%clk 1:11:13]} 16. Nxe4 {[%clk 1:03:58]} f5
{[%clk 1:11:05]} 17. Nc3 {[%clk 1:02:22]} Kh7 {[%clk 1:10:55]} 18. h4
{[%clk 1:02:07]} Bh6 {[%clk 1:11:04]} 19. e3 {[%clk 1:00:49]} f4 {[%clk 1:10:11]}
20. Ne4 {[%clk 1:00:26]} fxe3 {[%clk 1:10:12]} 21. Ng5+ {[%clk 1:00:12]} Kg8
{[%clk 1:10:13]} 22. Qxe3 {[%clk 0:58:27]} Qd6 {[%clk 1:10:22]} 23. Bd3
{[%clk 0:51:29]} Bg4 {[%clk 1:10:18]} 24. Be2 {[%clk 0:50:15]} Bh5
{[%clk 1:10:22]} 25. Bxh5 {[%clk 0:49:39]} gxh5 {[%clk 1:09:48]} 26. Rg1
{[%clk 0:49:56]} Kh8 {[%clk 1:07:56]} 27. Qe4 {[%clk 0:46:44]} Bxg5
{[%clk 1:07:55]} 28. Rxg5 {[%clk 0:47:00]} Rf6 {[%clk 1:03:44]} 29. O-O-O
{[%clk 0:41:40]} Raf8 {[%clk 1:04:00]} 30. Rdg1 {[%clk 0:41:17]} Rh6
{[%clk 1:01:03]} 31. Qg2 {[%clk 0:36:39]} Qf6 {[%clk 0:45:10]} 32. Rg8+
{[%clk 0:36:11]} Kh7 {[%clk 0:44:38]} 33. Qe4+ {[%clk 0:28:17]} Rg6
{[%clk 0:44:53]} 34. Rxf8 {[%clk 0:23:19]} 1-0

[Event "Ch France 2018 - Open D"]
[Site "?"]
[Date "2018.08.19"]
[Round "2.1"]
[White "Berfini, Ghjuliana"]
[Black "Koch, Emilie"]
[Result "1/2-1/2"]
[BlackElo "1498"]
[WhiteElo "1363"]
[LiveChessVersion "1.4.8"]

1. d4 {[%clk 1:30:57]} d5 {[%clk 1:30:38]} 2. Nf3 {[%clk 1:31:10]} Nf6
{[%clk 1:29:31]} 3. g3 {[%clk 1:30:53]} Bf5 {[%clk 1:26:48]} 4. Bg2
{[%clk 1:29:50]} h6 {[%clk 1:23:38]} 5. O-O {[%clk 1:28:53]} Qc8 {[%clk 1:21:28]}
6. Bf4 {[%clk 1:25:02]} Nc6 {[%clk 1:14:09]} 7. Nc3 {[%clk 1:23:13]} a6
{[%clk 1:08:01]} 8. a3 {[%clk 1:18:06]} e6 {[%clk 1:06:02]} 9. b4
{[%clk 1:14:54]} b5 {[%clk 0:59:02]} 10. Ne5 {[%clk 1:06:39]} Nxe5
{[%clk 0:55:47]} 11. dxe5 {[%clk 1:04:35]} Nd7 {[%clk 0:54:51]} 12. e4
{[%clk 1:03:31]} dxe4 {[%clk 0:53:03]} 13. Nxe4 {[%clk 1:03:26]} Rb8
{[%clk 0:51:04]} 14. Qd4 {[%clk 0:54:52]} Be7 {[%clk 0:48:45]} 15. Rac1
{[%clk 0:50:26]} O-O {[%clk 0:45:54]} 16. c4 {[%clk 0:49:31]} Rd8
{[%clk 0:43:50]} 17. Qc3 {[%clk 0:41:12]} Nb6 {[%clk 0:36:29]} 18. cxb5
{[%clk 0:37:29]} Nd5 {[%clk 0:34:50]} 19. Qb2 {[%clk 0:33:17]} Nxf4
{[%clk 0:31:19]} 20. gxf4 {[%clk 0:28:54]} axb5 {[%clk 0:26:55]} 21. Qc3
{[%clk 0:26:39]} Rd7 {[%clk 0:24:52]} 22. Nc5 {[%clk 0:23:38]} Bxc5
{[%clk 0:22:27]} 23. Qxc5 {[%clk 0:23:47]} Qa6 {[%clk 0:19:18]} 24. Qc6
{[%clk 0:17:39]} Qxc6 {[%clk 0:16:30]} 25. Rxc6 {[%clk 0:17:45]} Rbd8
{[%clk 0:16:17]} 26. Rc5 {[%clk 0:15:37]} Bd3 {[%clk 0:08:39]} 27. Bc6
{[%clk 0:15:15]} Bxf1 {[%clk 0:04:22]} 28. Bxd7 {[%clk 0:15:33]} Rxd7
{[%clk 0:04:33]} 29. Kxf1 {[%clk 0:15:52]} Rd3 {[%clk 0:04:15]} 30. Rxc7
{[%clk 0:15:44]} Rxa3 {[%clk 0:04:30]} 31. Rc5 {[%clk 0:15:45]} Rf3
{[%clk 0:04:01]} 32. Rxb5 {[%clk 0:15:54]} Rxf4 {[%clk 0:04:09]} 33. Rb8+
{[%clk 0:15:59]} Kh7 {[%clk 0:04:36]} 34. b5 {[%clk 0:16:09]} Rb4
{[%clk 0:03:09]} 35. b6 {[%clk 0:16:02]} Kg6 {[%clk 0:03:05]} 36. Ke2
{[%clk 0:16:07]} Kf5 {[%clk 0:02:52]} 37. Kd3 {[%clk 0:16:18]} Kxe5
{[%clk 0:02:40]} 38. Kc3 {[%clk 0:16:25]} Rb1 {[%clk 0:02:39]} 39. b7
{[%clk 0:16:34]} Kd6 {[%clk 0:02:32]} 40. Rg8 {[%clk 0:14:44]} Rxb7
{[%clk 0:01:26]} 41. Rxg7 {[%clk 0:15:06]} Ke7 {[%clk 0:23:25]} 42. Rh7
{[%clk 0:45:24]} Kf6 {[%clk 0:21:42]} 43. Rxh6+ {[%clk 0:45:39]} Kg7
{[%clk 0:21:50]} 44. Rh4 {[%clk 0:45:51]} Kg6 {[%clk 0:20:50]} 45. Rd4
{[%clk 0:44:56]} e5 {[%clk 0:19:46]} 46. Rd6+ {[%clk 0:44:35]} f6
{[%clk 0:19:45]} 47. h4 {[%clk 0:43:36]} Rh7 {[%clk 0:19:10]} 48. Kd3
{[%clk 0:42:18]} Rxh4 {[%clk 0:19:07]} 49. Ke3 {[%clk 0:42:17]} Kf5
{[%clk 0:18:22]} 50. f3 {[%clk 0:41:37]} Rb4 {[%clk 0:16:08]} 51. Rc6
{[%clk 0:41:00]} Rb3+ {[%clk 0:14:53]} 52. Kf2 {[%clk 0:41:14]} Rd3
{[%clk 0:12:54]} 53. Ke2 {[%clk 0:40:56]} Rd4 {[%clk 0:13:01]} 54. Ke3
{[%clk 0:41:04]} Kg6 {[%clk 0:12:45]} 55. Rc5 {[%clk 0:39:34]} Kf7
{[%clk 0:12:17]} 56. Rc6 {[%clk 0:39:37]} Ke7 {[%clk 0:12:08]} 57. Rb6
{[%clk 0:39:29]} f5 {[%clk 0:09:31]} 58. Rb7+ {[%clk 0:39:22]} Rd7
{[%clk 0:09:01]} 59. Rb4 {[%clk 0:38:52]} Ke6 {[%clk 0:08:33]} 60. Rc4
{[%clk 0:37:07]} Kd5 {[%clk 0:07:51]} 61. Ra4 {[%clk 0:36:54]} Rc7
{[%clk 0:07:44]} 62. Ra3 {[%clk 0:34:39]} Rc4 {[%clk 0:07:16]} 63. Ra5+
{[%clk 0:34:08]} Rc5 {[%clk 0:07:32]} 64. Ra3 {[%clk 0:34:12]} Rb5
{[%clk 0:05:40]} 65. Kd3 {[%clk 0:33:41]} Rc5 {[%clk 0:04:58]} 66. Ra4
{[%clk 0:33:27]} Kd6 {[%clk 0:04:33]} 67. Rb4 {[%clk 0:32:15]} Rd5+
{[%clk 0:03:52]} 68. Ke3 {[%clk 0:32:26]} Rc5 {[%clk 0:03:52]} 69. Kd3
{[%clk 0:32:14]} Rd5+ {[%clk 0:03:12]} 70. Ke3 {[%clk 0:32:15]} Rc5
{[%clk 0:02:46]} 71. Kd3 {[%clk 0:32:07]} Rd5+ {[%clk 0:01:24]} 72. Kd4 1/2-1/2

[Event "Ch France 2018"]
[Site "?"]
[Date "2018.08.20"]
[Round "3.1"]
[White "Fressinet, Laurent"]
[Black "Gozzoli, Yannick"]
[Result "1/2-1/2"]
[BlackElo "2596"]
[WhiteElo "2645"]
[LiveChessVersion "1.4.8"]

1. c4 {[%clk 1:29:32]} Nf6 {[%clk 1:28:33]} 2. Nc3 {[%clk 1:29:45]} e5
{[%clk 1:28:45]} 3. Nf3 {[%clk 1:30:06]} Nc6 {[%clk 1:29:09]} 4. e3
{[%clk 1:30:32]} Be7 {[%clk 1:24:50]} 5. Qb3 {[%clk 1:29:36]} O-O
{[%clk 1:22:32]} 6. Be2 {[%clk 1:29:20]} d6 {[%clk 1:17:30]} 7. d3
{[%clk 1:25:40]} a6 {[%clk 1:16:34]} 8. Bd2 {[%clk 1:21:08]} Rb8 {[%clk 1:09:58]}
9. Qc2 {[%clk 1:07:42]} Nb4 {[%clk 1:07:34]} 10. Qb1 {[%clk 1:00:49]} c5
{[%clk 0:59:38]} 11. O-O {[%clk 0:55:47]} b5 {[%clk 0:56:55]} 12. cxb5
{[%clk 0:52:45]} axb5 {[%clk 0:56:04]} 13. d4 {[%clk 0:52:51]} exd4
{[%clk 0:47:36]} 14. exd4 {[%clk 0:52:31]} c4 {[%clk 0:38:54]} 15. a4
{[%clk 0:51:27]} bxa4 {[%clk 0:27:12]} 16. Bxc4 {[%clk 0:50:37]} Bg4
{[%clk 0:27:27]} 17. Be2 {[%clk 0:46:33]} Qd7 {[%clk 0:27:28]} 18. Rxa4
{[%clk 0:44:11]} Rfc8 {[%clk 0:26:02]} 19. Bd1 {[%clk 0:35:26]} Bf5
{[%clk 0:19:29]} 20. Qa1 {[%clk 0:35:07]} Nc2 {[%clk 0:19:24]} 21. Qa2
{[%clk 0:25:48]} Nb4 {[%clk 0:15:56]} 22. Qa1 {[%clk 0:24:40]} Nc2
{[%clk 0:16:21]} 23. Qa2 {[%clk 0:24:44]} Nb4 {[%clk 0:16:48]} 1/2-1/2

[Event "Ch France 2018"]
[Site "?"]
[Date "2018.08.20"]
[Round "3.2"]
[White "Loiseau, Quentin"]
[Black "Gharamian, Tigran"]
[Result "0-1"]
[BlackElo "2614"]
[WhiteElo "2417"]
[LiveChessVersion "1.4.8"]

1. e4 {[%clk 1:26:31]} e5 {[%clk 1:30:50]} 2. Nf3 {[%clk 1:25:56]} Nc6
{[%clk 1:31:14]} 3. Bb5 {[%clk 1:26:10]} Nf6 {[%clk 1:31:34]} 4. O-O
{[%clk 1:26:18]} Nxe4 {[%clk 1:31:58]} 5. d4 {[%clk 1:26:37]} Nd6
{[%clk 1:32:21]} 6. dxe5 {[%clk 1:26:09]} Nxb5 {[%clk 1:32:19]} 7. a4
{[%clk 1:26:35]} d6 {[%clk 1:32:28]} 8. Bg5 {[%clk 1:23:50]} Be7 {[%clk 1:29:50]}
9. Bxe7 {[%clk 1:00:50]} Qxe7 {[%clk 1:29:18]} 10. axb5 {[%clk 0:58:58]} Nxe5
{[%clk 1:29:22]} 11. Nd4 {[%clk 0:58:48]} O-O {[%clk 1:27:55]} 12. Nc3
{[%clk 0:43:43]} c6 {[%clk 1:17:36]} 13. Re1 {[%clk 0:24:30]} Qc7
{[%clk 1:07:18]} 14. f4 {[%clk 0:21:13]} Ng4 {[%clk 0:56:10]} 15. f5
{[%clk 0:16:40]} Nf6 {[%clk 0:55:57]} 16. g4 {[%clk 0:15:36]} d5 {[%clk 0:49:09]}
17. g5 {[%clk 0:12:46]} Ne4 {[%clk 0:48:28]} 18. Nxe4 {[%clk 0:07:42]} dxe4
{[%clk 0:48:50]} 19. Qg4 {[%clk 0:07:51]} c5 {[%clk 0:33:56]} 20. Ne2
{[%clk 0:08:17]} Qe5 {[%clk 0:33:02]} 21. Ng3 {[%clk 0:08:25]} Bd7
{[%clk 0:32:50]} 22. c3 {[%clk 0:08:20]} e3 {[%clk 0:32:19]} 23. Ra4
{[%clk 0:07:15]} Rae8 {[%clk 0:28:37]} 24. Re4 {[%clk 0:03:41]} Bxf5
{[%clk 0:28:54]} 25. Rxe5 {[%clk 0:03:47]} Bxg4 {[%clk 0:29:20]} 26. R1xe3
{[%clk 0:04:09]} Re6 {[%clk 0:27:11]} 27. R3e4 {[%clk 0:03:29]} b6
{[%clk 0:25:28]} 28. Rxe6 {[%clk 0:03:48]} Bxe6 {[%clk 0:25:54]} 29. Ra4
{[%clk 0:04:15]} Ra8 {[%clk 0:26:17]} 30. Ne4 {[%clk 0:04:27]} Kf8
{[%clk 0:26:10]} 31. Kf2 {[%clk 0:03:58]} Ke7 {[%clk 0:26:15]} 32. c4
{[%clk 0:04:15]} Bc8 {[%clk 0:23:12]} 33. b4 {[%clk 0:01:55]} Bb7
{[%clk 0:20:50]} 34. Ke3 {[%clk 0:01:54]} Bxe4 {[%clk 0:20:00]} 35. Kxe4
{[%clk 0:02:17]} Kd6 {[%clk 0:20:26]} 36. bxc5+ {[%clk 0:01:22]} Kxc5
{[%clk 0:20:50]} 37. Kd3 {[%clk 0:01:48]} Rd8+ {[%clk 0:20:30]} 38. Kc3
{[%clk 0:02:12]} Rd4 {[%clk 0:20:36]} 39. Kb3 Rd3+ 40. Kc2 Rh3 41. Rxa7 Kxc4 42.
Rc7+ Kxb5 43. Rxf7 Rxh2+ 44. Kd3 g6 45. Re7 Rh4 46. Kc3 Rh3+ 47. Kb2 Kc4 48. Re4+
Kd5 49. Re7 Rh5 50. Rb7 Ke5 0-1